Statistics for Cities on Interstate 15 on a Map

Click here to take the quiz!

General Stats

  • This quiz has been taken 1,876 times
  • The average score is 7 of 12

Answers on the Map

Answers color-coded by a green-red scale on the quiz's map according to % correct below.
 

Answer Stats

Pop.City% Correct
634,773Las Vegas, NV
99%
1.41 milSan Diego, CA
98%
197,756Salt Lake City, UT
97%
32,024Helena, MT
82%
116,403Provo, UT
71%
86,833Ogden, UT
53%
61,459Idaho Falls, ID
50%
216,089San Bernardino, CA
46%
84,500St. George, UT
44%
33,964Butte, MT
39%
55,525Pocatello, ID
36%
58,835Great Falls, MT
32%

Score Distribution

Percentile by Number Answered

Percent of People with Each Score

Your Score History

You have not taken this quiz